The rise of the creative class :and how it's transforming work, leisure, community and everyday life / (Record no. 3595)

000 -LEADER
fixed length control field 02258cam a2200421 a 4500
001 - CONTROL NUMBER
control field 13631007
003 - CONTROL NUMBER IDENTIFIER
control field OSt
005 - DATE AND TIME OF LATEST TRANSACTION
control field 20161017100938.0
008 - FIXED-LENGTH DATA ELEMENTS--GENERAL INFORMATION
fixed length control field 040621s2004 nyua b 001 0 eng d
010 ## - LIBRARY OF CONGRESS CONTROL NUMBER
LC control number 2004351252
020 ## - INTERNATIONAL STANDARD BOOK NUMBER
International Standard Book Number 0465024777 (pbk.)
035 ## - SYSTEM CONTROL NUMBER
System control number (OCoLC)ocm54065465
040 ## - CATALOGING SOURCE
Original cataloging agency LKR
Transcribing agency LKR
Modifying agency OCLCQ
-- DLC
042 ## - AUTHENTICATION CODE
Authentication code lccopycat
043 ## - GEOGRAPHIC AREA CODE
Geographic area code n-us---
050 00 - LIBRARY OF CONGRESS CALL NUMBER
Classification number HD53.F653 2002
100 1# - MAIN ENTRY--PERSONAL NAME
Personal name Florida, Richard L.
245 14 - TITLE STATEMENT
Title The rise of the creative class :and how it's transforming work, leisure, community and everyday life /
Statement of responsibility, etc Richard Florida.
260 ## - PUBLICATION, DISTRIBUTION, ETC. (IMPRINT)
Place of publication, distribution, etc New York, NY :
Name of publisher, distributor, etc Basic Books,
Date of publication, distribution, etc 2002.
300 ## - PHYSICAL DESCRIPTION
Extent xii, 404 p. :
Other physical details ill. ;
Dimensions 21 cm.
504 ## - BIBLIOGRAPHY, ETC. NOTE
Bibliography, etc Includes bibliographical references (p. 383-411) and index.
505 0# - FORMATTED CONTENTS NOTE
Formatted contents note 1. The transformation of everyday life -- Part One: The Creative Age. 2. The creative ethos. 3. The creative economy. 4. The creative class -- Part Two: Work. 5. The machine shop and the hair salon. 6. The horizontal labor market. 7. The no-collar workplace. 8. Managing creativity. 9. The time warp -- Part Three: Life and Leisure. 10. The experimental life. 11. The big morph (a rant) -- Part Four: Community. 12. The power of place. 13. The geography of creativity. 14. Technology, talent and tolerance. 15. From social capital to creative capital. 16. Building the creative community. 17. The creative class grows up.
650 #0 - SUBJECT ADDED ENTRY--TOPICAL TERM
Topical term or geographic name as entry element Creative ability
General subdivision Economic aspects.
650 #0 - SUBJECT ADDED ENTRY--TOPICAL TERM
Topical term or geographic name as entry element Creative ability
General subdivision Social aspects.
650 #0 - SUBJECT ADDED ENTRY--TOPICAL TERM
Topical term or geographic name as entry element Work ethic
Geographic subdivision United States.
650 #0 - SUBJECT ADDED ENTRY--TOPICAL TERM
Topical term or geographic name as entry element Leisure
Geographic subdivision United States.
650 #0 - SUBJECT ADDED ENTRY--TOPICAL TERM
Topical term or geographic name as entry element Social classes
Geographic subdivision United States.
650 #0 - SUBJECT ADDED ENTRY--TOPICAL TERM
Topical term or geographic name as entry element Creative ability in technology.
650 #0 - SUBJECT ADDED ENTRY--TOPICAL TERM
Topical term or geographic name as entry element Technology and civilization.
650 #0 - SUBJECT ADDED ENTRY--TOPICAL TERM
Topical term or geographic name as entry element Human capital.
651 #0 - SUBJECT ADDED ENTRY--GEOGRAPHIC NAME
Geographic name United States
General subdivision Economic conditions
Chronological subdivision 1981-2001.
651 #0 - SUBJECT ADDED ENTRY--GEOGRAPHIC NAME
Geographic name United States
General subdivision Social conditions
Chronological subdivision 1980-
856 42 - ELECTRONIC LOCATION AND ACCESS
Materials specified Contributor biographical information
Uniform Resource Identifier <a href="http://www.loc.gov/catdir/enhancements/fy0831/2004351252-b.html">http://www.loc.gov/catdir/enhancements/fy0831/2004351252-b.html</a>
856 42 - ELECTRONIC LOCATION AND ACCESS
Materials specified Publisher description
Uniform Resource Identifier <a href="http://www.loc.gov/catdir/enhancements/fy0831/2004351252-d.html">http://www.loc.gov/catdir/enhancements/fy0831/2004351252-d.html</a>
906 ## - LOCAL DATA ELEMENT F, LDF (RLIN)
a 7
b cbc
c copycat
d 1
e ncip
f 20
g y-gencatlg
942 ## - ADDED ENTRY ELEMENTS (KOHA)
Source of classification or shelving scheme
Koha item type Book
Holdings
Withdrawn status Lost status Source of classification or shelving scheme Damaged status Not for loan Home library Current library Shelving location Date acquired Total Checkouts Full call number Barcode Date last seen Copy number Price effective from Koha item type
          Riara University Library Riara University Library General stack 17/10/2016   HD53.F56 2002 8614/16 17/10/2016 C.1 17/10/2016 Book

Riara University Library,
P.O. Box 49940-00100,
Nairobi, Kenya.